Baloncesto de ataque: las mejores técnicas de juego ofensivo
Tallennettuna:
| Päätekijä: | |
|---|---|
| Aineistotyyppi: | Kirja |
| Kieli: | espanja |
| Julkaistu: |
Barcelona
Hispano Europea
1986
|
| Painos: | 4a. ed |
| Sarja: | Biblioteca Enciclopedica de los deportes, colección Herakles
|
| Aiheet: | |
| Tagit: |
Lisää tagi
Ei tageja, Lisää ensimmäinen tagi!
|
MARC
| LEADER | 00000nam a2200000 a 4500 | ||
|---|---|---|---|
| 001 | UCW4228 | ||
| 003 | CL-VaPUC | ||
| 008 | 891103e19860000SP |||||||||||||||||spa|d | ||
| 082 | 0 | 4 | |a 796.323 |b HEA |2 21 |
| 100 | 0 | |a Healey, William A |e author |9 308843 | |
| 245 | 1 | 0 | |a Baloncesto de ataque: las mejores técnicas de juego ofensivo |
| 250 | |a 4a. ed | ||
| 300 | |a 299 p | ||
| 942 | |c BK | ||
| 945 | |d 19891103 00:00:00 | ||
| 260 | |a Barcelona |b Hispano Europea |c 1986 | ||
| 650 | 7 | |a BASQUETBOL |2 CL-VaPUC |9 308844 | |
| 650 | 7 | |a ENTRENAMIENTO DE BASQUETBOL |2 CL-VaPUC |9 308845 | |
| 583 | |a last modification |c 19891103 00:00:00 |k Rodrigo Vera | ||
| 490 | 0 | |a Biblioteca Enciclopedica de los deportes, colección Herakles | |
| 999 | |c 218005 |d 218003 | ||
| 952 | |0 0 |1 0 |4 0 |6 796_323000000000000_HEA_1986 |7 0 |8 P |9 206766 |a BIBEDU |b BIBEDU |c BIBEDU_PB |d 2019-11-15 |i 2746123 |o 796.323 HEA 1986 |p 2746123 |r 2024-01-25 |w 2019-11-15 |y BK |k EDU | ||